| 000 | 00364nam a2200145Ia 4500 | ||
|---|---|---|---|
| 008 | 240624s9999 xx 000 0 und d | ||
| 041 | _aeng | ||
| 082 | _a519 BAB | ||
| 100 | _aBABU A CHANDRA | ||
| 245 | _aNEW ENGINEERING MATHEMATICS III | ||
| 260 |
_c2006 _aNew Delhi _bNarosa Publishing House Pvt. Ltd. |
||
| 300 | _a252 : p. | ||
| 365 |
_cRS _b30 |
||
| 440 | _v3 | ||
| 999 |
_c12627 _d12627 |
||